Holiday Quiz

Random Holiday or Disney Quiz

Which Walt Disney World (Orlando) park? Quiz Stats

 Plays Quiz not verified by Sporcle

Also try: Christmas Movies
Challenge
Share
Tweet
Embed
Score 0/20 Timer 01:00
0 Plays Today
Question Answer Wrong Answers
Tomorrowland Speedway ???
93.1%
???
5.8%
???
1%
???
0.2%
Test Track ???
92.9%
???
3.1%
???
1.4%
???
0.8%
Rock 'n' Roller Coaster Starring Aerosmith ???
92.4%
???
2.6%
???
2.1%
???
0.2%
Toy Story Midway Mania ???
91.2%
???
6.6%
???
1.8%
???
0.2%
Kali River Rapids ???
90.8%
???
2.6%
???
2.9%
???
0.6%
Soarin' ???
90.2%
???
3.5%
???
1.8%
???
1.3%
Buzz Lightyear's Space Ranger Spin ???
90.2%
???
2.1%
???
6.4%
???
0%
Primeval Whirl ???
88.9%
???
4.7%
???
3.2%
???
1%
Space Mountain ???
88.6%
???
2.6%
???
1%
???
0%
Haunted Mansion ???
88.3%
???
1%
???
3.2%
???
0.2%
Spaceship Earth ???
87.1%
???
4.5%
???
1%
???
0.2%
Mission: SPACE ???
86.3%
???
2.9%
???
1.6%
???
0.2%
Star Tours: The Adventures Continue ???
86.2%
???
5.5%
???
3.9%
???
0.5%
Dinosaur ???
85.4%
???
3.5%
???
3.1%
???
2.1%
The Twilight Zone Tower of Terror ???
81.7%
???
2.9%
???
2.4%
???
0%
It's Tough to be a Bug ???
80.7%
???
2.1%
???
2.3%
???
5%
Expedition Everest ???
72.7%
???
2.1%
???
2.1%
???
1.6%
Seven Dwarfs Mine Train ???
71.9%
???
0.6%
???
1.1%
???
0.2%
Turtle Talk with Crush ???
68%
???
3.1%
???
2.1%
???
9.5%
Voyage of the Little Mermaid ???
53.1%
???
38.9%
???
2.3%
???
0.8%

You're not logged in!

Compare scores with friends on all Sporcle quizzes.
Join for Free
OR
Log In

You Might Also Like...

Show Comments

Extras

Top Quizzes Today


Score Distribution

Your Account Isn't Verified!

In order to create a playlist on Sporcle, you need to verify the email address you used during registration. Go to your Sporcle Settings to finish the process.

Report this User

Report this user for behavior that violates our Community Guidelines.

Details: